00779nam0a22001931 4500001001100000005001700011035002600028100004100054101000800095102000700103105001800110200011400128210019300242215006400435700002600499801001800525801002200543852002000565rc\259910420250623130445.0 a(NLR Aleph) 006763207 a20110914d1930 |||y0rusy50 ca0 arus aRU aa z |||||1 aПамятка красноармейцу о бронесилахfСоставил С. Деревцов... aМоскваaЛенинградcГос. изд-во. Отд. воен. лит-рыd1930eВологдаgтип. № 1 Полиграфтреста "Северный печатник" a28 с., [4] с. "Для заметок"cил.d11х8 см. 1aДеревцовbС. 0aRUbNLRgpsbo 1aRUbELAR2rusmarc aNLRj30.8/71.41